000 00405nam a2200145Ia 4500
008 230917s9999||||xx |||||||||||||| ||und||
040 _e61576
_aMAIN
041 _aEnglish
082 _a657.95 S55I
100 _aSen, Tapas Kumar
245 0 _aInflation accounting and corporate tariation
260 _aNew Delhi
_bNational Institute of Public Finance and Policy
_c1987
300 _a115 p.
942 _cBK
999 _c61285
_d61285